[Event "4NCL 2017-18"]
[Site "England ENG"]
[Date "2018.03.17"]
[Round "7.43"]
[White "Morrison, Graham SCO"]
[Black "Batchelor, Peter J"]
[Result "1/2-1/2"]
[WhiteTitle "FM"]
[BlackTitle "FM"]
[WhiteElo "2294"]
[BlackElo "2324"]
[WhiteTeam "Barbican 4NCL"]
[BlackTeam "Grantham Sharks"]
[WhiteFideId "2400090"]
[BlackFideId "424854"]
[EventDate "2017.11.11"]

1. d4 Nf6 2. c4 e6 3. Nf3 d5 4. Nc3 Be7 5. Bg5 Nbd7 6. e3 h6 7. Bh4 O-O 8. Rc1
c6 9. Bd3 dxc4 10. Bxc4 b5 11. Bd3 Bb7 12. O-O b4 13. Bxf6 Bxf6 14. Ne4 Be7 15.
Qe2 a5 16. Rfd1 Qb8 17. Bb1 Rc8 18. Ne5 Nxe5 19. dxe5 Qxe5 20. Rd7 Ba6 21. Qc2
Kf8 22. f4 Qb5 23. Nd6 Bxd6 24. Rxd6 Qe2 25. Qxe2 Bxe2 26. Rdxc6 Rxc6 27. Rc3
Rc5 28. Rxc5 Rd8 29. Rc6 Rd5 30. Bc2 Rd2 31. Rc5 Ke7 32. e4 g5 33. fxg5 hxg5 34.
Bb3 a4 35. Bxa4 Rxb2 36. Bb3 Kf6 37. Rc7 Bd3 38. g3 Bxe4 39. Rc4 Bb1 40. h4 gxh4
41. Rxh4 Bxa2 42. Bxa2 Rxa2 43. Rxb4 e5 44. Kf1 Kg5 45. Re4 f6 46. Kg1 Rd2 47.
Kf1 Rd4 48. Re2 Kg4 49. Kg2 Ra4 50. Re3 e4 51. Re2 Kf5 52. Rf2+ Ke5 53. Rf4 Ra2+
54. Kf1 Ra6 55. Kf2 f5 56. Kg2 Ra2+ 57. Kf1 Rh2 58. Kg1 Rh5 59. Kg2 Rg5 60. Rf1
Rh5 61. Ra1 Kf6 62. Rf1 Rg5 63. Rf4 Ke5 64. Rf1 Kd4 65. Kf2 Rh5 66. Rd1+ Ke5 67.
Kg2 Rh6 68. Rd8 Rd6 69. Re8+ Kd4 70. Kf2 Kd3 71. Re5 Kd2 72. g4 Rd3 73. gxf5
Rf3+ 74. Kg2 Ke3 75. Ra5 Kf4 76. f6 Kg4 77. Re5 Rxf6 78. Rxe4+ 1/2-1/2

[Event "4NCL 2017-18"]
[Site "England ENG"]
[Date "2018.03.17"]
[Round "7.44"]
[White "Rendle, Thomas E"]
[Black "O'Toole, George E"]
[Result "1/2-1/2"]
[WhiteTitle "IM"]
[WhiteElo "2365"]
[BlackElo "2260"]
[WhiteTeam "Grantham Sharks"]
[BlackTeam "Barbican 4NCL"]
[WhiteFideId "408760"]
[BlackFideId "412732"]
[EventDate "2017.11.11"]

1. f4 d5 2. Nf3 Nf6 3. g3 g6 4. Bg2 Bg7 5. O-O O-O 6. d3 c5 7. c3 Nc6 8. Na3 b6
9. Qe1 Re8 10. h3 Bb7 11. g4 e5 12. fxe5 Nxe5 13. Qh4 Nxf3+ 14. Bxf3 Nd7 15.
Qxd8 Rexd8 16. Bg5 f6 17. Bf4 Ne5 18. Bg2 Rd7 19. Rad1 Re8 20. d4 Nf7 21. Bf3 c4
22. Rfe1 Rde7 23. Kf2 Bh6 24. Bxh6 1/2-1/2

[Event "4NCL 2017-18"]
[Site "England ENG"]
[Date "2018.03.17"]
[Round "7.45"]
[White "Navarro Cia, Miguel"]
[Black "Daskalov, Dimitar"]
[Result "0-1"]
[WhiteTitle "FM"]
[WhiteElo "2257"]
[BlackElo "2320"]
[WhiteTeam "Barbican 4NCL"]
[BlackTeam "Grantham Sharks"]
[WhiteFideId "2221497"]
[BlackFideId "2902800"]
[EventDate "2017.11.11"]

1. e4 e5 2. Nf3 Nf6 3. d4 Nxe4 4. Bd3 d5 5. Nxe5 Nd7 6. Nxd7 Bxd7 7. O-O Bd6 8.
Qh5 O-O 9. Qxd5 Bc6 10. Qh5 Re8 11. Nc3 g6 12. Qh3 Nxc3 13. bxc3 h5 14. f4 f5
15. Bd2 Qf6 16. Qg3 Kh7 17. Qg5 Qg7 18. Rae1 Be7 19. Qg3 Bd5 20. c4 Bxc4 21. c3
Bxa2 22. Kh1 Bf6 23. Rxe8 Rxe8 24. Qf3 Qf7 25. Qxb7 Bc4 26. Qf3 Bxd3 27. Qxd3
Qe6 28. Kg1 Qd5 29. Re1 Rxe1+ 30. Bxe1 c5 31. Bf2 c4 32. Qe2 a5 33. Qe8 Qb7 34.
Be1 Qe7 35. Qxe7+ Bxe7 36. Bd2 Ba3 37. Kf2 a4 38. Ke2 Kg7 39. Kd1 Kf7 40. Bc1
Bd6 41. h4 Ke6 42. Ke2 Kd5 43. Ke3 a3 44. g3 Be7 45. Kf3 a2 46. Bb2 Ba3 47. Ba1
Bc1 48. Ke2 Ke4 49. Kd1 Ba3 50. Ke2 Bd6 51. Bb2 Be7 52. Ba1 Ba3 53. d5 Bc5 54.
Bb2 Bd6 55. Ba1 Ba3 56. d6 Bxd6 57. Bb2 Bc5 0-1

[Event "4NCL 2017-18"]
[Site "England ENG"]
[Date "2018.03.17"]
[Round "7.46"]
[White "Foisor, Mihaela-Veronica"]
[Black "Moss, Guy"]
[Result "1/2-1/2"]
[WhiteTitle "WIM"]
[WhiteElo "2222"]
[BlackElo "2160"]
[WhiteTeam "Grantham Sharks"]
[BlackTeam "Barbican 4NCL"]
[WhiteFideId "2270757"]
[BlackFideId "2804620"]
[EventDate "2017.11.11"]

1. d4 d5 2. c4 c6 3. e3 Nf6 4. Nf3 Bf5 5. Nc3 e6 6. Be2 h6 7. O-O Nbd7 8. a3 Be7
9. b4 Ne4 10. Bb2 Bf6 11. Nd2 Nxc3 12. Bxc3 O-O 13. Qb3 Re8 14. Nf3 Be4 15. Rad1
Qc7 16. Bd3 e5 17. Nxe5 Nxe5 18. dxe5 Bxe5 19. Bxe5 Qxe5 20. Bxe4 dxe4 21. Rd7
Re7 22. Rfd1 Rae8 23. c5 b6 24. cxb6 axb6 25. h3 Qf5 26. R7d6 Re6 27. Qc3 Rc8
28. Qc4 b5 29. Qc5 Qxc5 30. bxc5 Re5 31. Rc1 Kf8 32. Rd7 Ke8 33. Ra7 Re7 34. Ra6
Rd7 35. a4 bxa4 36. Rxa4 f5 37. Rb1 Ke7 38. g4 g6 39. Kg2 Ke6 40. Kg3 Rd2 41.
Rb7 Rc2 42. Rg7 Kf6 43. Raa7 Rf8 44. Rgc7 Rxc5 45. Ra6 1/2-1/2

[Event "4NCL 2017-18"]
[Site "England ENG"]
[Date "2018.03.17"]
[Round "7.48"]
[White "Willis, Rupert"]
[Black "Lauterbach, Ingrid"]
[Result "1-0"]
[BlackTitle "WIM"]
[WhiteElo "2128"]
[BlackElo "2048"]
[WhiteTeam "Grantham Sharks"]
[BlackTeam "Barbican 4NCL"]
[WhiteFideId "1506951"]
[BlackFideId "405221"]
[EventDate "2017.11.11"]

1. c4 e5 2. g3 Nc6 3. Nc3 g6 4. Bg2 Bg7 5. e4 d6 6. Nge2 Be6 7. d3 Qd7 8. Nd5
Nd8 9. O-O c6 10. Ne3 Bh3 11. Bxh3 Qxh3 12. f4 h5 13. f5 h4 14. Rf2 hxg3 15.
Nxg3 Nf6 16. Qf1 Qh4 17. Qe2 Bh6 18. Nef1 Bf4 19. Bxf4 exf4 20. e5 fxg3 21.
exf6+ Ne6 22. Nxg3 gxf5 23. Nxf5 Qg5+ 24. Kh1 Kd7 25. Rg1 Qh5 26. Ng7 Qxe2 27.
Rxe2 Rh6 28. Nxe6 Rxf6 29. Ng5 Rh8 30. Rge1 d5 31. Re7+ Kc8 32. Nxf7 Rh3 33. c5 1-0

[Event "4NCL 2017-18"]
[Site "England ENG"]
[Date "2018.03.17"]
[Round "7.51"]
[White "Howell, David W L"]
[Black "Murphy, Conor E"]
[Result "1-0"]
[WhiteTitle "GM"]
[BlackTitle "FM"]
[WhiteElo "2701"]
[BlackElo "2336"]
[WhiteTeam "Cheddleton"]
[BlackTeam "Cambridge University"]
[WhiteFideId "410608"]
[BlackFideId "421669"]
[EventDate "2017.11.11"]

1. Nf3 d5 2. c4 e6 3. g3 Nf6 4. Bg2 Be7 5. d4 O-O 6. Qc2 c5 7. O-O cxd4 8. Nxd4
Nc6 9. Nxc6 bxc6 10. Rd1 Qb6 11. Be3 Bc5 12. Bxc5 Qxc5 13. Nd2 Rb8 14. Rac1 Ba6
15. a3 dxc4 16. b4 Qb5 17. Nxc4 Rfd8 18. Na5 Qxe2 19. Qxe2 Bxe2 20. Rxd8+ Rxd8
21. Nxc6 Rd3 22. Nxa7 g5 23. a4 Ra3 24. a5 Ra4 25. Nc6 Bb5 26. h3 Bxc6 27. Bxc6
Rxb4 28. a6 1-0

[Event "4NCL 2017-18"]
[Site "England ENG"]
[Date "2018.03.17"]
[Round "7.52"]
[White "Hill, Alistair"]
[Black "Hawkins, Jonathan"]
[Result "0-1"]
[BlackTitle "GM"]
[WhiteElo "2197"]
[BlackElo "2589"]
[WhiteTeam "Cambridge University"]
[BlackTeam "Cheddleton"]
[WhiteFideId "432407"]
[BlackFideId "412686"]
[EventDate "2017.11.11"]

1. Nf3 d5 2. c4 e6 3. g3 Nf6 4. Bg2 Be7 5. O-O O-O 6. d4 dxc4 7. Qc2 a6 8. a4
Bd7 9. Qxc4 Bc6 10. Bf4 a5 11. Nc3 Na6 12. Ne5 Bxg2 13. Kxg2 Nd5 14. Nxd5 Qxd5+
15. f3 Rfd8 16. Rfd1 c5 17. dxc5 Qxc4 18. Nxc4 Nxc5 19. Rxd8+ Bxd8 20. Be3 Nxa4
21. Bd4 b5 22. Nd6 Bf6 23. Nxb5 Bxd4 24. Rxa4 Bxb2 25. Nc7 Ra7 26. Nb5 Ra6 27.
Nc7 Rc6 28. Rxa5 f5 29. Ra2 Be5 30. Nb5 Rc5 31. Ra8+ Kf7 32. Ra7+ Kf6 33. Rb7 g5
34. Na3 h5 35. Rb4 Rc1 36. Rc4 Ra1 37. Nc2 Ra2 38. Kf2 Rb2 39. h3 Bb8 40. e3 Ke5
41. Rc8 Kd5 42. g4 h4 43. Ke2 fxg4 44. fxg4 e5 45. Kd3 Rb3+ 46. Ke2 Ba7 47. Ra8
Bc5 48. Ra4 e4 49. Ra5 Rb2 50. Kd2 Kc4 51. Kc1 Rb6 52. Kd2 Rf6 53. Nd4 Bb4+ 0-1

[Event "4NCL 2017-18"]
[Site "England ENG"]
[Date "2018.03.17"]
[Round "7.53"]
[White "Gretarsson, Hjorvar Steinn"]
[Black "Bukojemski, Adam"]
[Result "1-0"]
[WhiteTitle "GM"]
[WhiteElo "2557"]
[BlackElo "2194"]
[WhiteTeam "Cheddleton"]
[BlackTeam "Cambridge University"]
[WhiteFideId "2302241"]
[BlackFideId "1114620"]
[EventDate "2017.11.11"]

1. d4 Nf6 2. c4 g6 3. Nc3 d5 4. cxd5 Nxd5 5. Na4 Bg7 6. Nf3 O-O 7. e4 Nf6 8. Qc2
b6 9. Bf4 Bb7 10. Nc3 Nbd7 11. Rd1 c5 12. dxc5 Qc8 13. e5 Nh5 14. Be3 Nxc5 15.
Nd5 Kh8 16. Be2 Rd8 17. Nc3 Ne6 18. Rxd8+ Qxd8 19. Qc1 f5 20. exf6 Bxf6 21. O-O
Qc7 22. Rd1 Nhf4 23. Bf1 g5 24. Nd4 Rd8 25. Nxe6 Nxe6 26. Rxd8+ Qxd8 27. Qc2 Qc7
28. Qf5 Qe5 29. Qxe5 Bxe5 30. Bc4 Bc8 31. Nb5 Bb8 32. Bd2 Kg7 33. Bc3+ Kf8 34.
g3 Nc5 35. Nd4 a6 36. Nc6 Bd6 37. b4 Ne4 38. Be1 Nf6 39. Nd4 g4 40. Ne6+ Ke8 41.
a4 Bd7 42. b5 axb5 43. axb5 Ne4 44. Nd4 e5 45. Nc6 Bf5 46. Kf1 Kf8 47. Ke2 Kg7
48. Bd3 Kf6 49. Nb4 Bc5 50. Nd5+ Ke6 51. Ne3 Bxe3 52. Kxe3 Nd6 53. Bf1 Kd5 54.
Bb4 1-0

[Event "4NCL 2017-18"]
[Site "England ENG"]
[Date "2018.03.17"]
[Round "7.54"]
[White "Nettleton, Charlie B"]
[Black "Fodor, Tamas Jr."]
[Result "1/2-1/2"]
[BlackTitle "GM"]
[WhiteElo "2029"]
[BlackElo "2503"]
[WhiteTeam "Cambridge University"]
[BlackTeam "Cheddleton"]
[WhiteFideId "419710"]
[BlackFideId "723762"]
[EventDate "2017.11.11"]

1. d4 d5 2. Nf3 Nf6 3. c4 c6 4. Nc3 e6 5. cxd5 exd5 6. Qc2 g6 7. Bg5 Be7 8. Bh6
Bf5 9. Qb3 Qb6 10. e3 Nbd7 11. Be2 Qxb3 12. axb3 Bd6 13. Nd2 Ng4 14. Bxg4 Bxg4
15. f3 Be6 16. e4 Nb6 17. O-O Rg8 18. Be3 f5 19. e5 Be7 20. f4 h6 21. Nf3 g5 22.
Ne2 Nd7 23. Rfc1 Nf8 24. Ne1 a6 25. Nd3 Rd8 26. Bd2 Kf7 27. Bb4 Ng6 28. Bxe7
Kxe7 29. Rc3 Rg7 30. Rf1 Bc8 31. Ng3 Rf7 32. Nh5 Nf8 33. Nc5 Ne6 34. Nxe6 Bxe6
35. Nf6 Rh8 36. b4 g4 37. Nh5 Kd8 38. h4 Kc7 39. Rfc1 Ra8 40. Ra3 Kb8 41. Ng3
Rc7 42. Nf1 b6 43. Nd2 Kb7 44. g3 Rcc8 1/2-1/2

[Event "4NCL 2017-18"]
[Site "England ENG"]
[Date "2018.03.17"]
[Round "7.55"]
[White "Arkell, Keith C"]
[Black "Beckett, Chris J"]
[Result "1-0"]
[WhiteTitle "GM"]
[WhiteElo "2414"]
[BlackElo "2155"]
[WhiteTeam "Cheddleton"]
[BlackTeam "Cambridge University"]
[WhiteFideId "400270"]
[BlackFideId "406244"]
[EventDate "2017.11.11"]

1. d4 e6 2. c4 Bb4+ 3. Bd2 a5 4. g3 Nf6 5. Bg2 d5 6. Qc2 O-O 7. Nf3 Nbd7 8. O-O
c6 9. Bg5 Be7 10. Nbd2 h6 11. Bxf6 Nxf6 12. Ne5 Bd6 13. e4 Bb4 14. exd5 exd5 15.
c5 Bxd2 16. Qxd2 Bf5 17. Qf4 Qc8 18. Rfe1 Be4 19. f3 Bh7 20. Re2 Ne8 21. Rae1
Nc7 22. Nd7 Qxd7 23. Re7 Ne6 24. Rxd7 Nxf4 25. gxf4 Rab8 26. Ree7 b6 27. cxb6
Rxb6 28. Rb7 Rxb7 29. Rxb7 Bf5 30. Kf2 Rc8 31. Ke3 c5 32. Bf1 Re8+ 33. Kd2 cxd4
34. Rb3 Rc8 35. Bd3 Bxd3 36. Kxd3 h5 37. Rb5 Re8 1-0

[Event "4NCL 2017-18"]
[Site "England ENG"]
[Date "2018.03.17"]
[Round "7.56"]
[White "Spencer, Carl J"]
[Black "Eggleston, David J"]
[Result "1/2-1/2"]
[BlackTitle "IM"]
[WhiteElo "2152"]
[BlackElo "2407"]
[WhiteTeam "Cambridge University"]
[BlackTeam "Cheddleton"]
[WhiteFideId "412171"]
[BlackFideId "412120"]
[EventDate "2017.11.11"]

1. e4 c5 2. Nf3 d6 3. Bb5+ Nd7 4. O-O Nf6 5. Re1 a6 6. Bf1 g6 7. c3 Bg7 8. d4
cxd4 9. cxd4 O-O 10. Nc3 b5 11. a3 Bb7 12. h3 Nb6 13. Bd3 Rc8 14. Qe2 Nfd7 15.
Bg5 Qe8 16. a4 b4 17. Nb1 a5 18. Nbd2 e5 19. Be3 exd4 20. Bxd4 Nc5 21. Bxg7 Kxg7
22. Bb5 Qe7 23. e5 dxe5 24. Qxe5+ Qf6 25. Qxf6+ Kxf6 26. Ne5 Bd5 27. Re3 Ne6 28.
Ndf3 Rc2 29. b3 Rfc8 30. Rd1 Rc1 31. Rxc1 Rxc1+ 32. Kh2 Rc3 33. Ng4+ Kg7 34. Nd2
Nc5 35. Re7 Nxb3 36. Nxb3 Bxb3 37. Ra7 Bxa4 38. Bxa4 Nxa4 39. Rxa5 Nc5 40. Ne3
b3 41. Rb5 Ne4 42. Nd1 Rc1 43. Ne3 Rb1 44. f3 Nd2 45. Kg3 Ra1 46. h4 h5 47. Kf4
Re1 48. g4 hxg4 49. fxg4 Re2 50. h5 Rf2+ 51. Ke5 Nf3+ 52. Ke4 b2 53. Kd3 Ne5+
54. Ke4 Re2 55. Kxe5 Rxe3+ 56. Kf4 Re2 57. hxg6 Kxg6 58. Kf3 Rc2 59. Rb6+ Kg7
60. g5 Kf8 61. Ke3 Ke7 62. Kd3 Rh2 63. Kc3 Kd7 64. Rb8 Kc6 65. Kd4 Rg2 66. Kc4
Kc7 67. Rb5 Kc6 68. Rb8 Kd6 69. Kd4 Ke6 70. Ke4 Rh2 71. Rb6+ Ke7 72. Kf4 Rc2 73.
Ke4 Kd7 74. Kd4 Kc7 75. Rb5 Kc6 76. Rb8 Rg2 77. Kc4 Rg4+ 78. Kd3 Kd5 79. Rb5+
Ke6 80. Rxb2 Rxg5 81. Ke4 Rg4+ 82. Kf3 Ra4 83. Rb6+ Kf5 84. Rb5+ Kg6 85. Rb8 f5
86. Rg8+ Kf7 87. Rb8 1/2-1/2

[Event "4NCL 2017-18"]
[Site "England ENG"]
[Date "2018.03.17"]
[Round "7.57"]
[White "Connell, Blair N"]
[Black "Starley, Robert"]
[Result "1-0"]
[WhiteElo "2246"]
[BlackElo "2081"]
[WhiteTeam "Cheddleton"]
[BlackTeam "Cambridge University"]
[WhiteFideId "403725"]
[BlackFideId "421006"]
[EventDate "2017.11.11"]

1. c4 Nf6 2. g3 e5 3. Bg2 Bc5 4. Nc3 O-O 5. e3 Nc6 6. Nge2 Re8 7. d3 a6 8. O-O
d6 9. a3 Bg4 10. h3 Bh5 11. b4 Bb6 12. Qd2 Qd7 13. Bb2 e4 14. Nxe4 Nxe4 15. dxe4
Ne5 16. Bxe5 Bxe2 17. Qxe2 Rxe5 18. Rfd1 Qe7 19. Kh2 Re8 20. Rd3 Qf6 21. Rc1 c6
22. f4 R5e7 23. c5 Bc7 24. cxd6 Bxd6 25. e5 Bxe5 26. fxe5 Qxe5 27. Rc4 Qg5 28.
Rcd4 h5 29. h4 Rxe3 30. Rxe3 Qxe3 31. Qxe3 Rxe3 32. Rd8+ Kh7 33. Rd7 Rxa3 34.
Rxb7 a5 35. bxa5 Rxa5 36. Rxf7 Re5 37. Bxc6 Kh6 38. Rd7 g6 39. Rd6 Kg7 40. Kg2
Kh6 41. Kf3 Kg7 42. Be4 Kf7 43. Kf4 Ra5 44. Rxg6 Ra4 45. Rg5 Kf6 46. Rxh5 Rb4
47. Rh6+ Kg7 48. Rg6+ Kh8 49. Ra6 Rb5 50. Ra7 Rh5 51. Bg6 Rb5 52. g4 Rc5 53. h5
Rc6 54. Kg5 Rc8 55. Kh6 Kg8 56. Rg7+ Kh8 57. Rh7+ Kg8 58. Bf7+ Kf8 59. Rh8+ 1-0

[Event "4NCL 2017-18"]
[Site "England ENG"]
[Date "2018.03.17"]
[Round "7.58"]
[White "York-Andersen, Anna"]
[Black "Steil-Antoni, Fiona"]
[Result "0-1"]
[BlackTitle "WIM"]
[WhiteElo "1770"]
[BlackElo "2200"]
[WhiteTeam "Cambridge University"]
[BlackTeam "Cheddleton"]
[WhiteFideId "416789"]
[BlackFideId "4001249"]
[EventDate "2017.11.11"]

1. e4 b6 2. d4 Bb7 3. Nc3 e6 4. Nf3 Bb4 5. Bd3 Nf6 6. Qe2 d5 7. exd5 Nxd5 8. Bd2
Nxc3 9. bxc3 Be7 10. Bb5+ c6 11. Bd3 Nd7 12. c4 O-O 13. O-O c5 14. c3 Nf6 15.
Be3 Qc7 16. h3 Rfd8 17. Rad1 h6 18. Rfe1 Qc6 19. Bb1 Rac8 20. d5 exd5 21. Bxh6
dxc4 22. Bg5 Rxd1 23. Qxd1 Bf8 24. Qc2 g6 25. Bxf6 Qxf6 26. Ne5 Re8 27. Nf3
Rxe1+ 28. Nxe1 Bg7 29. Qe2 Qe5 30. Qd1 Bf6 31. Nf3 Qxc3 32. Nd2 Qd4 33. Qe1 c3
34. Ne4 Be5 35. Bc2 b5 36. Ng5 Qf4 37. Nf3 Bxf3 38. gxf3 Qh2+ 39. Kf1 Qxh3+ 40.
Ke2 Bd4 41. Be4 Qe6 42. Kf1 Qxa2 43. Bxg6 fxg6 44. Qe8+ Kg7 45. Qd7+ Qf7 46.
Qxb5 Qxf3 47. Qd7+ Qf7 0-1

[Event "4NCL 2017-18"]
[Site "England ENG"]
[Date "2018.03.17"]
[Round "7.61"]
[White "Zhou, Yang-Fan"]
[Black "Greet, Andrew N"]
[Result "1/2-1/2"]
[WhiteTitle "IM"]
[BlackTitle "IM"]
[WhiteElo "2440"]
[BlackElo "2442"]
[WhiteTeam "Guildford"]
[BlackTeam "Alba"]
[WhiteFideId "468584"]
[BlackFideId "405817"]
[EventDate "2017.11.11"]

1. e4 e6 2. d4 d5 3. Nd2 c5 4. exd5 Qxd5 5. Ngf3 cxd4 6. Bc4 Qd6 7. O-O Nf6 8.
Nb3 Nc6 9. Nbxd4 Nxd4 10. Nxd4 Be7 11. b3 O-O 12. Bb2 Qf4 13. Qe2 a6 14. a4 b6
15. Rad1 Bc5 16. Qf3 Qxf3 17. Nxf3 Bb7 18. Bxf6 gxf6 19. Rd7 Bc6 20. Rc7 Bxf3
21. gxf3 a5 22. Rd1 Rfd8 23. Rdd7 Rxd7 24. Rxd7 f5 25. Kf1 Re8 26. c3 Kg7 27.
Rb7 Kf6 28. f4 Rd8 29. Ke2 Rg8 30. Kf3 Rg1 31. b4 Rc1 32. bxc5 Rxc3+ 33. Bd3
Rxd3+ 34. Ke2 Rc3 35. cxb6 Rc4 36. Ra7 Rxa4 37. Kf3 Rb4 38. Rxa5 Rb3+ 39. Kg2
Rxb6 40. Ra7 Rb8 41. Kf3 Rg8 42. h3 Kg6 43. Rb7 Rg7 44. Kg3 Kh5+ 45. Kh2 Kh6 46.
Ra7 Kg6 47. Kg3 Rg8 48. Rb7 Rc8 49. Ra7 Rc1 50. Rb7 Kf6 51. Kg2 h6 52. Ra7 Re1
53. Rb7 Kg6 54. Ra7 Re4 55. Kg3 h5 56. Ra8 Kg7 57. Ra7 Kg6 58. Ra8 f6 59. Ra6
h4+ 60. Kf3 Kh5 61. Ra8 e5 62. Rh8+ Kg6 63. fxe5 fxe5 64. Rg8+ Kf7 65. Rh8 Rf4+
66. Kg2 Kg7 67. Ra8 Rb4 68. Ra7+ Kg6 69. Ra6+ Kg5 70. Ra8 Rb6 71. Rh8 e4 72. Re8
Rb2 73. Re7 Kf4 74. Re8 Re2 75. Ra8 e3 76. Ra4+ Kg5 77. Kf3 Rxf2+ 78. Kxe3 Rh2
79. Ra8 Rxh3+ 80. Kf2 Rb3 81. Kg2 Kg4 82. Rg8+ Kf4 83. Rh8 Rb2+ 84. Kh3 Kf3 85.
Ra8 f4 86. Ra3+ Kf2 87. Kxh4 f3 88. Kg4 Rb4+ 89. Kh3 Re4 90. Ra2+ Re2 91. Ra1
Rd2 92. Kh2 Rb2 93. Kh3 Re2 94. Kh2 Rd2 95. Kh3 Rd8 96. Ra2+ Ke3 97. Ra3+ Rd3
98. Ra1 Ke2 99. Kg3 f2+ 100. Kg2 Ke3 101. Ra2 Rd2 102. Rxd2 Kxd2 103. Kxf2 1/2-1/2

[Event "4NCL 2017-18"]
[Site "England ENG"]
[Date "2018.03.17"]
[Round "7.62"]
[White "Sreeves, Clement"]
[Black "Flear, Glenn C"]
[Result "1/2-1/2"]
[WhiteTitle "FM"]
[BlackTitle "GM"]
[WhiteElo "2389"]
[BlackElo "2444"]
[WhiteTeam "Alba"]
[BlackTeam "Guildford"]
[WhiteFideId "2402564"]
[BlackFideId "400165"]
[EventDate "2017.11.11"]

1. b3 d5 2. Bb2 Bg4 3. f3 Bf5 4. e4 dxe4 5. Nc3 exf3 6. Qxf3 Qc8 7. Bc4 e6 8. g4
Bg6 9. Nge2 Nd7 10. d4 Nb6 11. O-O-O Nxc4 12. bxc4 Nf6 13. Nf4 Bd6 14. h4 Bxf4+
15. Qxf4 h5 16. d5 O-O 17. gxh5 Nxh5 18. Qg5 Qd8 19. Qg4 Qd6 20. Nb5 Qg3 21.
Qxg3 Nxg3 22. Rhe1 Nf5 23. dxe6 fxe6 24. Nxc7 Rac8 25. Nxe6 Rfe8 26. Nf4 Rxe1
27. Rxe1 Bf7 28. h5 Rxc4 29. Ng6 Rc7 30. a3 Kh7 31. Rg1 Kh6 32. Be5 Rc4 33. Bf4+
Kh7 34. Be5 Bxg6 35. hxg6+ Kh6 36. Kd2 Re4 37. Bb2 Kh5 38. Kd3 Rg4 39. Rxg4 Kxg4
40. Be5 Kg5 41. Kc4 Kxg6 42. Bb8 a6 43. Kc5 Ne3 44. a4 Nxc2 45. Kb6 Ne3 46. Kxb7
Nc4 47. Kxa6 Nb2 48. Be5 Nxa4 49. Bxg7 1/2-1/2

[Event "4NCL 2017-18"]
[Site "England ENG"]
[Date "2018.03.17"]
[Round "7.63"]
[White "Sarakauskas, Gediminas"]
[Black "McKay, Roderick M"]
[Result "1/2-1/2"]
[WhiteTitle "IM"]
[BlackTitle "IM"]
[WhiteElo "2424"]
[BlackElo "2312"]
[WhiteTeam "Guildford"]
[BlackTeam "Alba"]
[WhiteFideId "12800724"]
[BlackFideId "2400049"]
[EventDate "2017.11.11"]

1. d4 d6 2. g3 f5 3. Bg2 Nf6 4. Nh3 c6 5. O-O Qc7 6. Nd2 Na6 7. Re1 e5 8. dxe5
dxe5 9. e4 Bc5 10. c3 fxe4 11. b4 Bb6 12. Nc4 O-O 13. Nxb6 axb6 14. Ng5 Bf5 15.
Nxe4 Nxe4 16. Bxe4 Qf7 17. Bxf5 Qxf5 18. Be3 b5 19. Bb6 Nb8 20. Bc5 Re8 21. a4
bxa4 22. Rxa4 Nd7 1/2-1/2

[Event "4NCL 2017-18"]
[Site "England ENG"]
[Date "2018.03.17"]
[Round "7.64"]
[White "Berry, Neil"]
[Black "Ris, Robert"]
[Result "0-1"]
[WhiteTitle "FM"]
[BlackTitle "IM"]
[WhiteElo "2265"]
[BlackElo "2429"]
[WhiteTeam "Alba"]
[BlackTeam "Guildford"]
[WhiteFideId "2400650"]
[BlackFideId "1011480"]
[EventDate "2017.11.11"]

1. d4 Nf6 2. c4 e6 3. g3 c5 4. d5 exd5 5. cxd5 d6 6. Nc3 g6 7. Bg2 Bg7 8. Nf3
O-O 9. O-O Re8 10. Bf4 h6 11. Qc1 g5 12. Be3 Bf5 13. h4 g4 14. Nd2 Rxe3 15. fxe3
Bg6 16. Nc4 Qe7 17. e4 Nh5 18. Qe1 Nd7 19. a4 a6 20. Ra3 Bd4+ 21. e3 Bg7 22. Rb3
Rb8 23. Na5 c4 24. Rb4 Ne5 25. Nc6 Qc7 26. Nxe5 Bxe5 27. Ne2 Qc5 28. Nf4 b5 29.
axb5 axb5 30. Nxh5 Bxh5 31. Rf5 Bg6 32. Rxe5 dxe5 33. Qc3 Ra8 34. b3 Ra3 35. h5
Bxh5 36. d6 Qxd6 37. Rxb5 Qd1+ 38. Bf1 Ra1 39. Qxc4 Qf3 40. Rb8+ Kg7 41. Qb5
Qxg3+ 42. Kh1 Bg6 0-1

[Event "4NCL 2017-18"]
[Site "England ENG"]
[Date "2018.03.17"]
[Round "7.65"]
[White "Wadsworth, Matthew J"]
[Black "Findlay, David John"]
[Result "1/2-1/2"]
[WhiteTitle "FM"]
[WhiteElo "2354"]
[BlackElo "2188"]
[WhiteTeam "Guildford"]
[BlackTeam "Alba"]
[WhiteFideId "415804"]
[BlackFideId "2400278"]
[EventDate "2017.11.11"]

1. e4 e5 2. Nf3 d6 3. d4 exd4 4. Nxd4 g6 5. Nc3 Bg7 6. g3 Nf6 7. Bg2 O-O 8. h3
Bd7 9. O-O Nc6 10. Be3 Re8 11. Re1 a6 12. a4 Rb8 13. a5 Nb4 14. Qd2 c5 15. Nb3
Bc6 16. Bf4 Bf8 17. Re2 Nh5 18. Bg5 Qc7 19. g4 Ng7 20. Bf4 Ne6 21. Bg3 Bb5 22.
Nxb5 axb5 23. f4 Nc6 24. f5 Ned4 25. Nxd4 cxd4 26. Rf2 Bg7 27. f6 Bf8 28. g5 b4
29. a6 bxa6 30. Rxa6 b3 31. c3 Qb7 32. Ra1 dxc3 33. Qxc3 Ne5 34. Kh1 Rbc8 35.
Qd4 Rc4 36. Qe3 Qb4 37. Re2 Rc2 38. Be1 Qc4 39. Rd2 Rxd2 40. Bxd2 Qc2 41. Qc3
Nd3 42. Bf1 Nf2+ 43. Kg2 Nxe4 44. Qxc2 bxc2 45. Bf4 h6 46. h4 hxg5 47. hxg5 Rb8
48. Re1 Rxb2 49. Bc1 Rb4 50. Bd3 Nxg5 51. Bxg5 Rg4+ 52. Kf3 Rxg5 53. Bxc2 Re5
54. Rxe5 dxe5 55. Ke4 Ba3 56. Bb3 Kf8 1/2-1/2

[Event "4NCL 2017-18"]
[Site "England ENG"]
[Date "2018.03.17"]
[Round "7.66"]
[White "Shafi, Declan"]
[Black "Buckley, Graeme N"]
[Result "0-1"]
[BlackTitle "IM"]
[WhiteElo "2177"]
[BlackElo "2339"]
[WhiteTeam "Alba"]
[BlackTeam "Guildford"]
[WhiteFideId "2405156"]
[BlackFideId "402265"]
[EventDate "2017.11.11"]

1. d4 Nf6 2. c4 e6 3. Nc3 Bb4 4. Qc2 c5 5. dxc5 Qc7 6. a3 Bxc5 7. Nf3 a6 8. Bg5
Be7 9. e3 d6 10. Be2 b6 11. O-O Nbd7 12. Rfd1 Bb7 13. Rac1 Rc8 14. Qb1 Qb8 15.
Nd2 h6 16. Bh4 g5 17. Bg3 h5 18. Nde4 Nxe4 19. Nxe4 Bxe4 20. Qxe4 h4 21. Qd4 e5
22. Bxe5 Nxe5 23. f4 Ng6 24. Bg4 Rd8 25. Rf1 Rg8 26. Qd5 gxf4 27. exf4 b5 28.
Rce1 bxc4 29. f5 Ne5 30. Bh5 Qa7+ 31. Kh1 Bf6 32. Qe6+ Qe7 33. Bxf7+ Nxf7 34.
Qxf6 Ne5 35. Qh6 Kd7 36. f6 Qe6 37. Qh7+ Kc6 38. Qxh4 Qd5 39. Qf2 Nd3 40. Qc2
Nxe1 41. Rxe1 Rdf8 42. Re4 Rxf6 43. Rxc4+ Kb7 44. Qe2 Re8 45. Rb4+ Ka7 0-1